000 00447nam a22001937a 4500
003 MPLRDC
005 20220104143701.0
008 210129b ||||| |||| 00| 0 eng d
020 _a957-560-568-3
082 _a848.2 BD v.2
100 _a北岛著
245 _a蓝房子
_c
250 _a初版
260 _a
_b九歌出版社
_c1995
300 _b
490 _a九歌文库;518
650 _a现代别集
942 _cBK
_o848.2 BD v.2
999 _c42315
_d42305